000 00453nam a2200193Ia 4500
008 210210b1957 xxu||||| |||| 00| 0 eng d
041 _aeng
082 _a230/131
100 _aROBERTS (David E)
245 _aExistentialism and religious belief
260 _aNew York
_bNot Mentioned
_c1957
300 _a344
650 _areligious
650 _aExistentialism
650 _abelief
650 _aand
690 _aReligion
906 _a001367
999 _c116503
_d116503